000
00270nam a2200109Ia 4500
008
190216s9999||||xx |||||||||||||| ||und||
100
_a
Ladli Mohan Mitra
245
0
_a
Text Book Of Inoganic Chemistry
260
_b
Ghose &co.
650
_a
Inorganic Chemistry
942
_c
BK
999
_c
1940
_d
1940